| 000 | 00848nab a2200253 u 4500 | ||
|---|---|---|---|
| 001 | 08615 | ||
| 003 | HDC | ||
| 007 | cr bn ---aaaaa | ||
| 008 | 210130c2013 my dr|nes 0 a may d | ||
| 040 | _aHDC | ||
| 100 |
_aHafiz Ithnin _eauthor _97623 |
||
| 245 | 0 |
_aTeraju Sektor Ramuan Halal / oleh _cHafiz Ithnin |
|
| 260 |
_aKuala Lumpur : _bThe New Straits Times Press (M) Bhd., _c2013 |
||
| 336 |
_atext _2rdacontent |
||
| 337 |
_acomputer _2rdamedia |
||
| 338 |
_aonline resource _2rdacarrier |
||
| 650 |
_aHalal industry _9144 |
||
| 650 |
_aHalal ingredients _95563 |
||
| 650 |
_atrade and industry _97246 |
||
| 856 | _zRequest full-text at [email protected] | ||
| 942 | _2lcc | ||
| 942 | _cNEWS | ||
| 942 | _kNWSC 002371 | ||
| 999 |
_c5938 _d5938 |
||